|
|
|
|
| LEADER |
00651nab a2200181 i 4500 |
| 001 |
acta25265 |
| 005 |
20210720151649.0 |
| 008 |
161017s1924 hu o 0|| fre d |
| 022 |
|
|
|a 1166-9667
|
| 040 |
|
|
|a SZTE Egyetemi Kiadványok Repozitórium
|b hun
|
| 041 |
|
|
|a fre
|
| 100 |
1 |
|
|a Birkás Géza
|
| 245 |
1 |
4 |
|a Les hongrois dans la chanson de Roland
|h [elektronikus dokumentum] /
|c Birkás Géza
|
| 260 |
|
|
|c 1924
|
| 300 |
|
|
|a 192-195
|
| 490 |
0 |
|
|a Revue des études hongroises et finno-ougriennes
|v 2
|
| 695 |
|
|
|a Történelemtudomány, Művelődéstörténet
|
| 856 |
4 |
0 |
|u http://acta.bibl.u-szeged.hu/25265/1/etudes_hongroises_002_192-195.pdf
|z Dokumentum-elérés
|